Tilastot visalle Latinalaisen Amerikan suurimmat kaupungit A-Z

Klikkaa tästä pelataksesi tätä visaa!

Yleistilastot

  • Tätä visaa on pelattu 30 kertaa
  • Keskiarvotulos 8 / 26

Vastaustilastot

#Väkiluku#Suuri Kaupunki#% Oikein
B7, 862, 227KOBogotaB
82%
C3, 289, 883VECaracasC
82%
R6, 476, 631BRRio de JaneiroR
82%
L8, 894, 421PELimaL
77%
S11, 967, 825BRSaõ PauloS
77%
M8, 918, 653MEMexico CityM
64%
Q2, 551, 721ECQuitoQ
64%
H2, 117, 625KUHavannaH
55%
T1, 298, 475METijuanaT
50%
G2, 589, 229ECGuayaquilG
27%
J1, 382, 753MeJuárezJ
27%
F2, 591, 188BRFortalezaF
23%
P1, 746, 867BRPorto AlegreP
23%
A869, 351PEArequipaA
18%
E1, 677, 687MEEcatepec de MorelosE
14%
K577, 774JEKingstonK
14%
V901, 900VEValenciaV
14%
U667, 668BRUberlândiaU
9%
D882, 729BRDuque de CaxiasD
5%
I523, 057KOIbagueI
5%
N1, 039, 867MENezahualcóyotlN
5%
O694, 844BROsascoO
5%
W47, 231NIWaspamW
0%
X475, 506MEXalapa-EnriquezX
0%
Y120, 000VEYaritaguaY
0%
Z1, 179, 681MEZapopanZ
0%

Tulosjakauma

Persentiili vastausten määrän mukaan

Jokaisen tuloksen saaneiden osuus

Tuloshistoriasi

Et ole pelannut tätä visaa